000 00859nam a2200265Ia 4500
003 OSt
005 20220930072612.0
006 a|||||r|||| 00| 0
007 ta
008 220926b |||||||| |||| 00| 0 eng d
024 _a24639
037 _cTheses
040 _aCRL
_cCRL
_beng
041 _2eng
_aeng
100 _aMathew Maria
_9530115
110 _aUniversity of Delhi. Faculty of Medical Sciences. Department of Radio-Diagnosis
245 0 _aComputed tomographic and ultrasonographic evaluation of hepato-biliary disorders
260 _c1997
300 _a96p.
_ap.
_ccm.
650 _aDIAGNOSIS
_9519345
700 _a Dr M K Narula Supervisor
_9530116
700 _aUniversity of Delhi. Faculty of Medical Sciences. Department of Radio-Diagnosis
942 _cDIS
_2CC
999 _c864096
_d864096